Essential guide to user interface design (Record no. 178999)

000 -LEADER
fixed length control field 00417nam a2200145Ia 4500
008 - FIXED-LENGTH DATA ELEMENTS--GENERAL INFORMATION
fixed length control field 220217s9999||||xx |||||||||||||| ||und||
020 ## - INTERNATIONAL STANDARD BOOK NUMBER
International Standard Book Number 978-81-265-0280-6
082 ## - DEWEY DECIMAL CLASSIFICATION NUMBER
Classification number 004.62 GAL
100 ## - MAIN ENTRY--PERSONAL NAME
Personal name Galitz, Wilber, O
9 (RLIN) 6509
245 #0 - TITLE STATEMENT
Title Essential guide to user interface design
250 ## - EDITION STATEMENT
Edition statement 2nd
260 ## - PUBLICATION, DISTRIBUTION, ETC.
Place of publication, distribution, etc. Wiley india Pvt.Ltd.
Name of publisher, distributor, etc. New Delhi
Date of publication, distribution, etc. 2010
300 ## - PHYSICAL DESCRIPTION
Extent XXIV, 760p.
Other physical details 479
650 ## - SUBJECT ADDED ENTRY--TOPICAL TERM
Topical term or geographic name entry element COMPUTER NETWORK
Holdings
Withdrawn status Lost status Damaged status Not for loan Collection code Home library Current library Date acquired Total Checkouts Full call number Barcode Date last seen Date last checked out Price effective from Koha item type
        Computer Science and Engineering Central Library Central Library 02/18/2022 2 004.62 GAL 14188 01/24/2023 10/17/2022 02/18/2022 Books

Powered by Koha